| 000 | 00343nam a22001451c 4500 | ||
|---|---|---|---|
| 001 | a987683723 | ||
| 008 | 051003s1968 gw |||| 000u eng d | ||
| 041 | _aeng | ||
| 100 | 1 | _aZiemke, Earl F. | |
| 245 | 0 | 0 |
_aStalingrad to Berlin : _bDefeat in the East |
| 264 |
_aNew York, _c1968 |
||
| 942 | _cMG | ||
| 040 | _cRU-10907106 | ||
| 003 | RU-10907106 | ||
| 999 |
_c2760 _d2760 |
||